| 000 | 00347nam a2200145Ia 4500 | ||
|---|---|---|---|
| 005 | 20250325051444.0 | ||
| 008 | 240331s9999 xx 000 0 und d | ||
| 082 |
_bRAJ _a894 |
||
| 100 | _aRajamkrishnan, | ||
| 245 | 0 | _aMayilampattu valli | |
| 260 |
_aChennai _bThagam _c1992 |
||
| 300 | _a132 p ., | ||
| 500 | _aNovel For Neo-Literates | ||
| 942 | _cL | ||
| 999 |
_c4069 _d4069 |
||